Juicio de la planificación / (Registro nro. 5451)

Detalles MARC
000 -LEADER
fixed length control field 01343nam a2200301Ia 4500
003 - CONTROL NUMBER IDENTIFIER
control field OSt
005 - DATE AND TIME OF LATEST TRANSACTION
control field 20200624151236.0
008 - FIXED-LENGTH DATA ELEMENTS--GENERAL INFORMATION
fixed length control field 191128s1950 mx gr 000 0dspa d
040 ## - CATALOGING SOURCE
Original cataloging agency CO-JMCR
Transcribing agency CO-JMCR
041 1# - LANGUAGE CODE
Language code of text/sound track or separate title spa
Language code of original eng
082 04 - DEWEY DECIMAL CLASSIFICATION NUMBER
Classification number 330.124 /
Item number J284j
Edition number 23
100 1# - MAIN ENTRY--PERSONAL NAME
Personal name Jewkes, John,
Relator term autor
9 (RLIN) 5553
245 10 - TITLE STATEMENT
Title Juicio de la planificación /
Statement of responsibility, etc. John Jewkes ; versión española por Armando Lázaro Ros ; introducción y revisión por Manuel de Torres
260 ## - PUBLICATION, DISTRIBUTION, ETC.
Place of publication, distribution, etc. México :
Name of publisher, distributor, etc. Aguilar,
Date of publication, distribution, etc. 1950.
300 ## - PHYSICAL DESCRIPTION
Extent xxxii, 238 páginas ;
Dimensions 21 cm.
490 0# - SERIES STATEMENT
Series statement Biblioteca de ciencias económicas, políticas y sociales. Sección primera: economía
504 ## - BIBLIOGRAPHY, ETC. NOTE
Bibliography, etc. note Datos bibliográficos del autor página x.
505 0# - FORMATTED CONTENTS NOTE
Formatted contents note La difusión de una moda -- ¿Resulta anticuado el hombre de negocios? -- ¿Debe dejarse que el monopolismo destruya la economía libre? -- ¿Es inevitable el paro en masa en una economía libre? -- La confusión entre los planificadores
534 ## - ORIGINAL VERSION NOTE
Introductory phrase Ordeal by planning
546 ## - LANGUAGE NOTE
Language note Traducido del inglés.
650 14 - SUBJECT ADDED ENTRY--TOPICAL TERM
Topical term or geographic name entry element Planificación económica
9 (RLIN) 3241
650 24 - SUBJECT ADDED ENTRY--TOPICAL TERM
Topical term or geographic name entry element Liberalismo
General subdivision Libre comercio
9 (RLIN) 5554
650 24 - SUBJECT ADDED ENTRY--TOPICAL TERM
Topical term or geographic name entry element Consumo
General subdivision Economía
9 (RLIN) 5555
650 24 - SUBJECT ADDED ENTRY--TOPICAL TERM
Topical term or geographic name entry element Teoría económica
9 (RLIN) 5556
700 1# - ADDED ENTRY--PERSONAL NAME
Personal name Lázaro Ros, Armando,
Relator term traductor
9 (RLIN) 4652
700 1# - ADDED ENTRY--PERSONAL NAME
Personal name Torres, Manuel de,
Relator term revisor
9 (RLIN) 3623
942 ## - ADDED ENTRY ELEMENTS (KOHA)
Source of classification or shelving scheme Dewey Decimal Classification
Koha item type Books
Existencias
Withdrawn status Lost status Source of classification or shelving scheme Materials specified (bound volume or other part) Damaged status Not for loan Home library Current library Shelving location Date acquired Source of acquisition Cost, normal purchase price Total Checkouts Full call number Barcode Date last seen Copy number Price effective from Koha item type
    Dewey Decimal Classification Donación--15/04/2018--     Biblioteca Pública José María del Castillo y Rada Biblioteca Pública José María del Castillo y Rada General Stacks 11/28/2019 Donación 0.00   330.124 / J284j 430001942 05/16/2024 Ej.1 11/28/2019 Books
    Dewey Decimal Classification Donación--15/04/2018--     Biblioteca Pública José María del Castillo y Rada Biblioteca Pública José María del Castillo y Rada General Stacks 11/28/2019 Donación 0.00   330.124 / J284j 430001943 05/16/2024 Ej.2 11/28/2019 Books